| 000 | 00626cab a2200217 4500 | ||
|---|---|---|---|
| 001 | WB3429-46 | ||
| 008 | 090401t1998 xxu||||| |||| 00| 0 eng d | ||
| 035 | _a(Sirsi) u87739 | ||
| 041 | _aeng | ||
| 245 | _aNo rural affairs department | ||
| 260 | _c1998 | ||
| 350 | _a0 | ||
| 490 |
_aFinancial Times _v30 July 1998, 9(1) |
||
| 520 | _aThe prime minister has decided against creating a Department of Rural Affairs to coordinate the government`s fightback in the countryside. | ||
| 650 | _aBUDGET CUTS | ||
| 650 | _aMAFF | ||
| 650 | _aRURAL AFFAIRS | ||
| 690 | _aRURAL PRACTICE | ||
| 942 | _n0 | ||
| 948 | _c30/07/1998 | ||
| 999 |
_c55358 _d55358 |
||